000 00802 a2200205 4500
001 54783
005 20260407155824.0
008 260407a1970 arg spa d
003 AR-UNSa-BCEJYS
040 _aAR-UNSa-BCEJYS
_bspa
_cAR-UNSa-BCEJYS
080 _a159.964.2
_x(Psicoanálisis ((Freud, Psicología profunda...))
245 1 0 _aFreud
_psu pensamienro político y social
264 1 _aBarcelona :
_bEdiciones Martínez Roca
_c1970
300 _a281 p.
_c20 cm.
505 _a1. El psicoanalista y el estudio de la política - 2. El significado de una teoría - 3. Religión: realismo y utopía - 4. La política: controles sociales - 5. La civilización: su tragedia y sus posibilidades
041 _aspa
942 _cBK
590 _aniveau_biblio:m niveau_hierar:0
100 1 _aRoazen, Paul
999 _c5805
_d5805